01037nac a22002651i 4500003000900000005001700009008004100026020001500067040004300082082002100125100004400146245012800190250002600318264004300344300002800387336002600415337002800441338002700469504005200496650003300548655001700581942001200598999001500610952014600625EG-ScBUE20250316092121.0250316r20041967ii f b 001 0 eng d a817808421X aEG-ScBUEbengerdacEG-ScBUEdEG-ScBUE04a530.123bSAK2221 aSakurai, J. J., eauthor.10aAdvanced quantum mechanics /c[by] J. J. Sakurai, Late of the Department of Physics, University of California, Los Angeles. aFifth Indian reprint. 1aNew Delhi :bPearson Education,c2004. axii, 336 pages ;c24 cm 2rdacontentatextbtxt aunmediated2rdamediabn avolumebnc2rdacarrier aIncludes bibliographical references and index.  7aQuantum field theory.2BUEsh vReading book cBB2ddc c1412d1412 00102ddc40708BaccahaMAINbMAINc1STd2010-09-06ePurchaseg81.00l1o530.123 SAKp000003035r2025-07-15 00:00:00v101.25w2006-09-10yBB